| 000 | 00440nam a2200157 a 4500 | ||
|---|---|---|---|
| 005 | 20140414132100.0 | ||
| 008 | 100703s19uu xx 00 eng d | ||
| 050 |
_aFIC _bL58 1950 |
||
| 100 | _aLewis C.S. (Clive Staples), 1898-1963 | ||
| 245 | _aThe lion, the witch and the wardrobe. | ||
| 260 |
_aNew York : _bHarper Trophy, _c1950. |
||
| 440 | _aThe Chronicles of Narnia; bk.2 | ||
| 999 |
_c114425 _d114425 |
||